Quizzes
Events
Quiz Creation
Community
Videos
Private Events
Remove Ads
Sign In
Join for FREE
Feedback
Dark Mode
Quiz Categories
Sports
Geography
Music
Movies
Television
Just For Fun
Miscellaneous
History
Literature
Language
Science
Gaming
Entertainment
Religion
Holiday
For Kids
Quiz Lab
Recent
Popular Today
Quiz Kudos Today
Editor Picks
Curator Picks
Quizzes by...
Day
Popularity
Type
Ratings
Length
Year
Community
Subscriptions
Recent Discussions
Orange Saloon
Badges
Playlists
Quests
Create
Leaderboards
Showdown
Live 5
Trivia Bingo
Activity
Puzzle Library
Sporcle Events
Private Events
Virtual Trivia
Globe League
Become a Host
Pub Owners
SporcleCon
Opinionation
Our Games
Videos
Blog
Mobile Apps
Partnerships
Remove Ads and Go Orange
Feedback
Miscellaneous
Crossword
General Knowledge
Baby Names
Logo
Food
Cars
Numbers
Grab Bag
University
College
Popular
Company
Slogans
Restaurants
Justice
Letter
Miscellaneous
Crossword
General Knowledge
Baby Names
Logo
Food
Cars
Numbers
Grab Bag
University
College
Popular
Company
Slogans
Restaurants
Justice
Letter
Random Quiz
Search Sporcle
×
Quiz Lab
Quiz Lab
Miscellaneous
Yahoo
Type in answers that appear in a list
Type in answers that appear in a list
Classic
Best Score? Go Orange.
Apes of 96 Stats
Can you name the Apes of 96 on the yahoo listserv?
By
rogerpants
3m
28 Questions
22 Plays
22 Plays
22 Plays
Comments
Comments
Give Quiz Kudos
Give Quiz Kudos
-
- Ratings
hide this ad
Replay
Link that replays current quiz
Next Quiz
Link to next quiz in quiz playlist
You Got
0%
They Got
Avg Score
60%
Avg Friend Score
Upgrade to see
Score Distribution
Jump to the score distribution portion of the page
Score
0/28
Timer
03:00
0
Plays Today
--
ape
% Correct
11
Joelle Rudick
95.5%
4
Adam Marks
81.8%
16
Matt Reiswerg
81.8%
17
Josh Weinstein
81.8%
18
Yoni Fine
81.8%
8
David Krieger
77.3%
10
ILANA Osten
77.3%
5
Ari Schaefer
72.7%
7
David O'Leary
72.7%
15
Naomi Wohl
72.7%
3
Annie Weiss
72.7%
1
Adam Taub
68.2%
2
Adam Lipworth
68.2%
6
David Golberg
68.2%
--
ape
% Correct
14
Mike Blank
68.2%
*
Patrick is French
68.2%
9
Erin Davis
59.1%
*
Noah Guthartz (you wish!)
54.5%
12
Matt Perault
45.5%
13
Mike Gabelman
45.5%
*
Danny Wohl
45.5%
*
Josh Hedaya
40.9%
*
Adam Stein
40.9%
*
Jon Vlock
40.9%
*
Lisa Barry is not on the list
31.8%
*
I wonder what Chinitz would say
31.8%
*
Alejandro kept a squirrel in his bunk
22.7%
*
Shane Kramer is old school
13.6%
Quiz Playlist
Details
Report
Send in Message
Add To Playlist
Classic:
Type in answers that appear in a list
Last Updated: Feb 16, 2017
Quiz Scoreboard
CHALLENGE
Sign Up to Join the Scoreboard
Show All
Scores
Hide
Comments
May contain spoilers
Recently Published
Decade Duel: World Leaders
by jenniferyan
History
4m
Alphabetical 'K' Countries by Flag Minefield
by ylime102
Geography
3m
Pick 6: Fruits
by JohnFran
Miscellaneous
15s
More to Explore
Quiz From the Vault
Featured Blog Post
15 Basketball Trivia Facts You Can Be March Mad About
hide this ad
You Might Also Like...
Tags
ape
Yahoo
Today's Top Quizzes in Miscellaneous
Browse Miscellaneous
hide this ad
Today's Top Quizzes in Yahoo
Browse Yahoo
Top Contributed Quizzes in Miscellaneous
1
Spring Months consonants
2
The JOE quick-fire general knowledge quiz: Day 166
3
Pick 6: Vegetables
4
Pick 6: Supreme Pizza
5
Four Seasons
6
The JOE quick-fire general knowledge quiz: Day 165
7
Pick 6: University Mascots
8
Guess the 'S' Things in 3 Words
9
Sporcle Acrostic Puzzle XXXV
10
Guess the 'T' Things in 3 Words
Explore More
Trending Topics
Crossword
Kpop
NBA
Disney
Anime
Harry Potter
Marvel
Country
The Office
Song
NFL
Soccer
Pokémon
Puzzle
WWE
hide this ad
More By:
rogerpants
Quiz
Plays
Rating
Category
Featured
Created
MLB Opening Day Starters (2010)
122,651
3.99
Sports
Apr 3, 2010
Gay/Lesbian Cities (U.S.)
18,333
4.15
Geography
Oct 12, 2009
I Beatles Songs
2,013
4.55
Music
Dec 17, 2009
Philippines Agricultural Products
1,971
4.60
Geography
Oct 7, 2009
Ireland's Agriculture
1,055
3.43
Geography
Oct 8, 2009
Go to Creator's Profile
Score Distribution
Quiz Creator Spotlight
rogerpants
Follow
Send a Message
Quizzes Created
-
Created Quiz Play Count
-
More By This Creator
Popular Quizzes Today
1
Countries of Asia Without Outlines Minefield
2
Find the US States - No Outlines Minefield
3
Pick 6: Fruits
4
Alphabetical 'K' Countries by Flag Minefield
5
The Countries of the World
6
Find the Countries of Europe - No Outlines Minefield
7
Find the US States
8
US States
More Miscellaneous Quizzes
Sunday Crossword: Cheers to Sporcle
Quiz Lab
Trending Quizzes
Pick 6: Mountains
Pick 6: Harry Potter
Pick 6: Flags
Pick 6: NFL Teams
Pick 6: Movie Franchises
Recently Updated
Adaptations: Name the Title
pecheneg
NWSL Teams
pecheneg
Women's Final Four Teams by Year
bhenderson79
Presidents Quartet II
eogle
Anything But Clue(do)
eogle
Anything But Oceanian Capitals
eogle
Anything But 7
eogle
Anything But Thing
eogle
Word Ladder: February 29
pecheneg
Song Title Questions
pecheneg
Trending Topics
Kpop
Harry Potter
Disney
Crossword
Anime
Marvel
NBA
Soccer
NFL
The Office
Puzzle
Country
Song
Pokémon
WWE
Your Account Isn't Verified!
In order to create a playlist on Sporcle, you need to verify the email address you used during registration. Go to your
Sporcle Settings
to finish the process.
Report this User
Report this user for behavior that violates our
Community Guidelines
.
Details:
Send Report
Go to the Sporcle.com Mobile Site →
Comments